| 000 | 01210cam a2200289 4500 | ||
|---|---|---|---|
| 001 | washingtonforchi00shaw | ||
| 003 | CaSfIA | ||
| 005 | 20210119110613.0 | ||
| 007 | cr|||| | ||
| 008 | 740808s1975 nyua 001 0 eng | ||
| 010 | _a 74016357 | ||
| 040 |
_aDLC _cDLC _dOCL _dBTCTA _dCaSfIA |
||
| 035 | _a(OCoLC)1009657 | ||
| 043 | _an-us-dc | ||
| 050 | 0 | 0 |
_aF192.3 _b.S45 |
| 082 | 0 | 0 | _a917.53/04/4 |
| 100 | 1 | _aShaw, Ray. | |
| 245 | 1 | 0 |
_aWashington for children. _h[electronic resource] |
| 260 |
_aNew York, _bScribner _c[1975] |
||
| 300 |
_axii, 196 p. _billus. _c21 cm. |
||
| 650 | 0 |
_aChildren _xTravel _zWashington (D.C.) _vGuidebooks. |
|
| 856 | 4 | 1 |
_uhttp://www.archive.org/details/washingtonforchi00shaw _zFree eBook from the Internet Archive |
| 856 | 4 | 2 |
_uhttp://www.openlibrary.org/books/OL5054202M _zAdditional information and access via Open Library |
| 942 | _cEB | ||
| 506 | _fНеобхідна авторизація на https://archive.org/ (створення облікового запису безкоштовно) | ||
| 506 | _fНеобхідна авторизація на https://openlibrary.org/ (створення облікового запису безкоштовно) | ||
| 999 |
_c563493 _d563493 |
||